[Event "FIDE WRBTC Blitz-Pool 2024"]
[Site "Astana"]
[Date "2024.08.05"]
[Round "7.24"]
[White "Sabitov, Zhaxylyk"]
[Black "Allam, Yara"]
[Result "1-0"]
[WhiteElo "1400"]
[BlackElo "1920"]
[Annotator "ChessBase"]
[PlyCount "106"]
[EventDate "2024.08.01"]
[EventType "team-tourn"]
[EventCountry "KAZ"]
[SourceTitle "playchess.com"]
[Source "ChessBase"]
[SourceQuality "1"]

1. e4 c5 2. f4 e6 3. Nf3 Nc6 4. Nc3 a6 5. g3 b5 6. d3 Bb7 7. Bg2 Be7 8. Be3 d5 9. Bf2 d4 10. Ne2 Nf6 11. Qd2 O-O 12. h3 Qc7 13. g4 e5 14. f5 c4 15. O-O h6 16. Ng3 Nh7 17. h4 Rfc8 18. Rfc1 Qd8 19. Nh5 Rc7 20. Kh2 Rac8 21. Bf1 Qd6 22. g5 hxg5 23. hxg5 g6 24. f6 Bf8 25. Ng3 cxd3 26. cxd3 Nb4 27. a3 Nc6 28. Bh3 Rd8 29. b4 Bc8 30. Bxc8 Rdxc8 31. Ne2 Qe6 32. Bg3 Bd6 33. Kg2 Nd8 34. Rxc7 Rxc7 35. Rc1 Rxc1 36. Qxc1 Qg4 37. Neg1 Qe6 38. Qc2 Nf8 39. Nh3 Qd7 40. Nf2 Nc6 41. Nd1 Qc7 42. Nb2 Nd7 43. Nd1 Nb6 44. Nf2 Qd7 45. Nh3 Na4 46. Nf2 Nc3 47. Qb3 Nd8 48. Nh4 Qe6 49. Qxe6 Nxe6 50. Nf3 Nb1 51. Nxe5 Nxa3 52. Nc6 Nc2 53. Bxd6 Kh7 1-0

[Event "FIDE WRBTC Blitz-Pool 2024"]
[Site "Astana"]
[Date "2024.08.05"]
[Round "7.25"]
[White "Ding, Liren"]
[Black "Bulatov, Ramil"]
[Result "1-0"]
[WhiteElo "2745"]
[BlackElo "2137"]
[Annotator "RC"]
[PlyCount "51"]
[EventDate "2024.08.01"]
[EventType "team-tourn"]
[EventCountry "KAZ"]
[SourceTitle "playchess.com"]
[Source "ChessBase"]
[SourceQuality "1"]

1. e4 e6 2. d4 d5 3. e5 c5 4. c3 Nc6 5. Nf3 Bd7 6. Be2 Nge7 7. O-O Ng6 8. g3 f6 9. exf6 Qxf6 10. Be3 cxd4 11. cxd4 Bd6 12. Nc3 a6 13. Na4 O-O 14. Nb6 Rad8 15. Nxd7 Rxd7 16. Rc1 Bb8 17. Rc3 e5 18. dxe5 Ngxe5 19. Nxe5 Bxe5 20. Rd3 Bxb2 21. Rxd5 Rxd5 22. Qxd5+ Qf7 23. Qxf7+ Kxf7 24. Rb1 Bd4 25. Rxb7+ Kf6 26. Rc7 1-0

[Event "FIDE WRBTC Blitz-Pool 2024"]
[Site "Astana"]
[Date "2024.08.05"]
[Round "7.25"]
[White "Grischuk, Alexander"]
[Black "Teclaf, Pawel"]
[Result "1-0"]
[WhiteElo "2708"]
[BlackElo "2553"]
[Annotator "ChessBase"]
[PlyCount "63"]
[EventDate "2024.08.01"]
[EventType "team-tourn"]
[EventCountry "KAZ"]
[SourceTitle "playchess.com"]
[Source "ChessBase"]
[SourceQuality "1"]

1. d4 e6 2. c4 b6 3. Nf3 Bb7 4. g3 Nf6 5. Bg2 g6 6. Nc3 Bg7 7. d5 exd5 8. cxd5 O-O 9. O-O Re8 10. Nd4 Na6 11. b3 Nb4 12. Bg5 h6 13. Bxf6 Qxf6 14. e3 Qe5 15. Nde2 c6 16. Rc1 Rab8 17. Nf4 Ba6 18. Re1 g5 19. a3 gxf4 20. gxf4 Qd6 21. axb4 Qxb4 22. Ne2 Bxe2 23. Qxe2 Qxb3 24. dxc6 dxc6 25. Bxc6 Red8 26. Kh1 Rbc8 27. Rg1 Qe6 28. Qf3 Kh8 29. Bd5 Qe7 30. Rxc8 Rxc8 31. Rxg7 Rc1+ 32. Rg1 1-0

[Event "FIDE WRBTC Blitz-Pool 2024"]
[Site "Astana"]
[Date "2024.08.05"]
[Round "7.26"]
[White "Gareyev, Timur"]
[Black "Svidler, Peter"]
[Result "0-1"]
[WhiteElo "2541"]
[BlackElo "2698"]
[Annotator "ChessBase"]
[PlyCount "88"]
[EventDate "2024.08.01"]
[EventType "team-tourn"]
[EventCountry "KAZ"]
[SourceTitle "playchess.com"]
[Source "ChessBase"]
[SourceQuality "1"]

1. Nf3 Nf6 2. g3 g6 3. a4 Bg7 4. Bg2 c5 5. O-O d5 6. d3 Nc6 7. Bf4 Nh5 8. Bc1 e5 9. Nc3 d4 10. Ne4 Qe7 11. c3 f5 12. Bg5 Qf8 13. Ned2 h6 14. Bh4 g5 15. e3 dxc3 16. bxc3 Nf6 17. d4 e4 18. Ne5 gxh4 19. Ndc4 Nxe5 20. dxe5 Nd7 21. Qh5+ Kd8 22. Rfd1 Kc7 23. Qxh4 Nb6 24. Na3 Bxe5 25. a5 Nd7 26. Rab1 Qf6 27. Qh5 Kb8 28. Nc4 Bc7 29. Rd5 Qe6 30. Qd1 Nf6 31. Rxc5 Rd8 32. Qb3 Rd5 33. Qb4 Qe7 34. Rxd5 Qxb4 35. cxb4 Nxd5 36. b5 b6 37. a6 Be6 38. Rc1 Kc8 39. f3 Kd7 40. fxe4 fxe4 41. Bxe4 Ke7 42. Nd2 Bd6 43. Rc6 Rd8 44. Nc4 Nb4 0-1

[Event "FIDE WRBTC Blitz-Pool 2024"]
[Site "Astana"]
[Date "2024.08.05"]
[Round "7.27"]
[White "Mamedyarov, Shakhriyar"]
[Black "Bernadskiy, Vitaliy"]
[Result "1-0"]
[WhiteElo "2733"]
[BlackElo "2530"]
[Annotator "RC"]
[PlyCount "82"]
[EventDate "2024.08.01"]
[EventType "team-tourn"]
[EventCountry "KAZ"]
[SourceTitle "playchess.com"]
[Source "ChessBase"]
[SourceQuality "1"]

1. d4 Nf6 2. c4 d6 3. Nf3 g6 4. g3 Bg7 5. Bg2 O-O 6. O-O c6 7. Nc3 Bf5 8. Re1 Ne4 9. Qb3 Qb6 10. g4 Nxc3 11. gxf5 Ne4 12. fxg6 hxg6 13. Qc2 d5 14. e3 Nd7 15. b3 e6 16. Bb2 Rfe8 17. Ne5 Nef6 18. f4 Rac8 19. c5 Qd8 20. Bf3 Nxe5 21. fxe5 Nh7 22. Kh1 Qh4 23. Rg1 b6 24. b4 bxc5 25. bxc5 Rb8 26. Bc3 Ng5 27. Rg4 Nxf3 28. Rxh4 Nxh4 29. Rb1 Nf5 30. Bd2 Bh6 31. Rb3 Kg7 32. Qb2 Rxb3 33. Qxb3 Rh8 34. Qa4 Bxe3 35. Bxe3 Nxe3 36. Qxc6 Rh4 37. Qa4 Rf4 38. h3 Nf5 39. c6 Rf1+ 40. Kh2 Rc1 41. Kg2 Rc2+ 1-0

[Event "FIDE WRBTC Blitz-Pool 2024"]
[Site "Astana"]
[Date "2024.08.05"]
[Round "7.27"]
[White "Yu, Yangyi"]
[Black "Lysakov, Anton"]
[Result "1-0"]
[WhiteElo "2703"]
[BlackElo "1947"]
[Annotator "ChessBase"]
[PlyCount "51"]
[EventDate "2024.08.01"]
[EventType "team-tourn"]
[EventCountry "KAZ"]
[SourceTitle "playchess.com"]
[Source "ChessBase"]
[SourceQuality "1"]

1. e4 e6 2. d4 d5 3. Nc3 Bb4 4. e5 c5 5. Bd2 cxd4 6. Nb5 Be7 7. Qg4 g6 8. Nxd4 Nc6 9. Ngf3 Qb6 10. Bc3 Bb4 11. Bb5 Bxc3+ 12. bxc3 Nge7 13. O-O Bd7 14. Rab1 Qc7 15. Bxc6 Nxc6 16. Qf4 a6 17. h4 Nxd4 18. cxd4 Bc6 19. Qf6 Rg8 20. Rb3 Qe7 21. Rfb1 Qxf6 22. exf6 Kd7 23. Ne5+ Kd6 24. Rxb7 Bxb7 25. Rxb7 Rgf8 26. Rd7# 1-0

[Event "FIDE WRBTC Blitz-Pool 2024"]
[Site "Astana"]
[Date "2024.08.05"]
[Round "7.28"]
[White "Gumularz, Szymon"]
[Black "Sadvakasov, Darmen"]
[Result "1-0"]
[WhiteElo "2571"]
[BlackElo "2629"]
[Annotator "ChessBase"]
[PlyCount "58"]
[EventDate "2024.08.01"]
[EventType "team-tourn"]
[EventCountry "KAZ"]
[SourceTitle "playchess.com"]
[Source "ChessBase"]
[SourceQuality "1"]

1. e4 c5 2. Nf3 d6 3. d4 cxd4 4. Nxd4 Nf6 5. Nc3 a6 6. g3 e5 7. Nb3 Be7 8. Bg5 Nbd7 9. a4 h6 10. Be3 b6 11. Bc4 Bb7 12. Nd2 O-O 13. O-O Qc7 14. Qe2 Rfd8 15. Rfd1 Qc8 16. f3 Bc6 17. Bf2 Qb7 18. Nf1 Bf8 19. Ne3 g6 20. b4 Qc8 21. Bb3 Bb7 22. Ncd5 Bxd5 23. Nxd5 Qb7 24. c3 b5 25. a5 Rac8 26. Rab1 Kg7 27. c4 Nxd5 28. Rxd5 Nf6 29. Rdd1 d5 1-0

[Event "FIDE WRBTC Blitz-Pool 2024"]
[Site "Astana"]
[Date "2024.08.05"]
[Round "7.28"]
[White "Minnekhanov, Eldar"]
[Black "Ju, Wenjun"]
[Result "0-1"]
[WhiteElo "1750"]
[BlackElo "2563"]
[Annotator "ChessBase"]
[PlyCount "42"]
[EventDate "2024.08.01"]
[EventType "team-tourn"]
[EventCountry "KAZ"]
[SourceTitle "playchess.com"]
[Source "ChessBase"]
[SourceQuality "1"]

1. e4 e5 2. Nf3 Nc6 3. Bb5 Nf6 4. O-O Nxe4 5. Re1 Nd6 6. Bxc6 dxc6 7. Nxe5 Be7 8. d3 O-O 9. Nd2 Be6 10. Ndf3 Nf5 11. Bd2 Re8 12. Bc3 c5 13. b3 Qd5 14. Qe2 Rad8 15. Qe4 Qxe4 16. Rxe4 Bd5 17. Ree1 Bf6 18. Rad1 Bxf3 19. gxf3 Nh4 20. Re3 Bxe5 21. Bxe5 Rxe5 0-1

[Event "FIDE WRBTC Blitz-Pool 2024"]
[Site "Astana"]
[Date "2024.08.05"]
[Round "7.29"]
[White "Xu, Xiangyu"]
[Black "Kaipbayev, Aday"]
[Result "1-0"]
[WhiteElo "2628"]
[BlackElo "1711"]
[Annotator "ChessBase"]
[PlyCount "37"]
[EventDate "2024.08.01"]
[EventType "team-tourn"]
[EventCountry "KAZ"]
[SourceTitle "playchess.com"]
[Source "ChessBase"]
[SourceQuality "1"]

1. d4 Nf6 2. c4 g6 3. Nc3 d5 4. Nf3 Bg7 5. h4 h5 6. Bg5 dxc4 7. e3 Bg4 8. Bxc4 O-O 9. Qb3 Bxf3 10. gxf3 Nbd7 11. Rg1 c6 12. Bxf6 Nxf6 13. Rxg6 b5 14. Bd3 Nd5 15. Rg5 Qa5 16. Ke2 Nxc3+ 17. bxc3 Kh8 18. Rxh5+ Kg8 19. Rg1 1-0

[Event "FIDE WRBTC Blitz-Pool 2024"]
[Site "Astana"]
[Date "2024.08.05"]
[Round "7.29"]
[White "Assaubayeva, Bibisara"]
[Black "Kulon, Klaudia"]
[Result "1/2-1/2"]
[WhiteElo "2470"]
[BlackElo "2415"]
[Annotator "ChessBase"]
[PlyCount "139"]
[EventDate "2024.08.01"]
[EventType "team-tourn"]
[EventCountry "KAZ"]
[SourceTitle "playchess.com"]
[Source "ChessBase"]
[SourceQuality "1"]

1. c4 Nf6 2. g3 g6 3. Bg2 Bg7 4. Nc3 O-O 5. d4 d6 6. Nf3 Nc6 7. O-O e5 8. dxe5 dxe5 9. Qxd8 Rxd8 10. Bg5 Be6 11. b3 h6 12. Bxf6 Bxf6 13. Rad1 Bg7 14. Nd2 f5 15. Nb5 Rd7 16. Nb1 Rad8 17. Rxd7 Rxd7 18. Bxc6 bxc6 19. Nxa7 Rd6 20. c5 Rd5 21. Rc1 Bd7 22. a4 e4 23. b4 Rd4 24. b5 Rxa4 25. bxc6 Be8 26. Nb5 Bxc6 27. Nxc7 Ra1 28. Ne6 Be5 29. Rf1 g5 30. Nd8 Bd5 31. c6 Ra8 32. Nb7 Bxc6 33. Nc5 Bb5 34. Re1 Ra2 35. e3 Bc4 36. Rc1 Bf7 37. Nc3 Bxc3 38. Rxc3 Ra1+ 39. Kg2 Bh5 40. g4 Bxg4 41. Nb3 Bf3+ 42. Kh3 Rh1 43. Nd4 g4+ 44. Kg3 Rg1+ 45. Kf4 Rg2 46. Nxf5 Rxf2 47. Nxh6+ Kg7 48. Nxg4 Rg2 49. Ne5 Rxh2 50. Rc7+ Kf6 51. Rc6+ Ke7 52. Nxf3 exf3 53. Kxf3 Rh5 54. Ke4 Ra5 55. Kd4 Rb5 56. e4 Ra5 57. Ke3 Rb5 58. Kf4 Ra5 59. Rg6 Kf7 60. Rg5 Ra6 61. Rb5 Ke8 62. Kf5 Rc6 63. e5 Ra6 64. Rd5 Rb6 65. Rd6 Rxd6 66. exd6 Kd7 67. Ke5 Kd8 68. Ke6 Ke8 69. d7+ Kd8 70. Kd6 1/2-1/2

[Event "FIDE WRBTC Blitz-Pool 2024"]
[Site "Astana"]
[Date "2024.08.05"]
[Round "7.30"]
[White "Kurlak, Jakub"]
[Black "Kabinazar, Nurmukhammed"]
[Result "1/2-1/2"]
[WhiteElo "1828"]
[BlackElo "2002"]
[Annotator "ChessBase"]
[PlyCount "104"]
[EventDate "2024.08.01"]
[EventType "team-tourn"]
[EventCountry "KAZ"]
[SourceTitle "playchess.com"]
[Source "ChessBase"]
[SourceQuality "1"]

1. d4 Nf6 2. Nf3 e6 3. g3 b5 4. Bg2 Bb7 5. O-O Be7 6. Bg5 O-O 7. Re1 d5 8. Nbd2 Nbd7 9. c3 c5 10. e3 Qb6 11. Ne5 Rfe8 12. Nxd7 Nxd7 13. Bxe7 Rxe7 14. Nb3 c4 15. Nd2 Ree8 16. e4 dxe4 17. Nxe4 Bxe4 18. Bxe4 Rad8 19. Qc2 Nf6 20. Bf3 h6 21. a3 a5 22. Re3 Nd5 23. Re5 Nf6 24. Rae1 b4 25. axb4 axb4 26. Rc5 Rc8 27. Rce5 Red8 28. Ra1 bxc3 29. bxc3 Rb8 30. Rea5 Qb3 31. Qc1 Qb2 32. Qe1 g6 33. Qe5 Kg7 34. Ra7 Qxc3 35. Qxe6 Rf8 36. Bd5 Nxd5 37. Qxd5 Rbe8 38. R7a4 Re1+ 39. Rxe1 Qxe1+ 40. Kg2 c3 41. Rc4 Re8 42. Rc7 Qe4+ 43. Qxe4 Rxe4 44. Rxc3 Rxd4 45. h4 h5 46. Kf3 Ra4 47. Rb3 Rc4 48. Rd3 Kf6 49. Rd6+ Ke5 50. Rd3 Ra4 51. Rb3 Kf6 52. Rc3 Ke5 1/2-1/2

[Event "FIDE WRBTC Blitz-Pool 2024"]
[Site "Astana"]
[Date "2024.08.05"]
[Round "7.30"]
[White "Bozhgulova, Zaynabkhan"]
[Black "Li, Deyang"]
[Result "0-1"]
[WhiteElo "1605"]
[BlackElo "1847"]
[Annotator "NA"]
[PlyCount "76"]
[EventDate "2024.08.01"]
[EventType "team-tourn"]
[EventCountry "KAZ"]
[SourceTitle "playchess.com"]
[Source "ChessBase"]
[SourceQuality "1"]

1. b3 d5 2. Bb2 c6 3. e3 Bf5 4. Nf3 e6 5. Be2 h6 6. O-O Nf6 7. c4 Nbd7 8. d4 Be7 9. Nbd2 O-O 10. Rc1 a5 11. Ne5 a4 12. cxd5 exd5 13. Ndf3 Bd6 14. Bd3 Ne4 15. Nd2 Nxf2 16. Rxf2 Bxd3 17. Ndf3 Be4 18. Qf1 axb3 19. axb3 Nf6 20. Nd2 Bh7 21. Bc3 Qe7 22. Ndf3 Ne4 23. Bd2 f6 24. Nd3 Nxf2 25. Qxf2 Bxd3 26. Re1 Ra2 27. Rd1 Rfa8 28. Qe1 Be4 29. Qh4 Rc2 30. Be1 Raa2 31. Nd2 Bb4 32. Qf2 Bg6 33. h3 Bc3 34. Kh2 Qb4 35. Qg3 Bh5 36. Rb1 Bxd2 37. Qb8+ Kh7 38. Bg3 Bxe3 0-1

[Event "FIDE WRBTC Blitz-Pool 2024"]
[Site "Astana"]
[Date "2024.08.05"]
[Round "7.31"]
[White "Al-Mudahka, Mohd"]
[Black "Utegaliyev, Azamat"]
[Result "0-1"]
[WhiteElo "2542"]
[BlackElo "2418"]
[Annotator "ChessBase"]
[PlyCount "78"]
[EventDate "2024.08.01"]
[EventType "team-tourn"]
[EventCountry "KAZ"]
[SourceTitle "playchess.com"]
[Source "ChessBase"]
[SourceQuality "1"]

1. e4 d5 2. exd5 Qxd5 3. Nc3 Qd8 4. d4 g6 5. h4 Bg7 6. Nf3 Bg4 7. Bc4 h5 8. Be3 Nh6 9. Qd2 Bxf3 10. gxf3 Nf5 11. O-O-O Nd7 12. Bd3 Nxe3 13. fxe3 Nf6 14. Kb1 c6 15. Ne4 Qc7 16. Ng5 Nh7 17. f4 Nxg5 18. fxg5 O-O 19. Qf2 c5 20. Rhf1 c4 21. Be4 c3 22. bxc3 Qxc3 23. Rd3 Qc7 24. Rb3 Rab8 25. Bd3 e5 26. c3 a6 27. Be4 b5 28. Bd5 Rbd8 29. e4 Qa7 30. Rd1 Kh7 31. Qd2 Rd7 32. Qd3 Rfd8 33. Rb2 Rc7 34. Rf2 Rdc8 35. Rf3 b4 36. dxe5 Rxc3 37. Qf1 Rxf3 38. Qxf3 Qc5 39. Bb3 Qxe5 0-1

[Event "FIDE WRBTC Blitz-Pool 2024"]
[Site "Astana"]
[Date "2024.08.05"]
[Round "7.31"]
[White "Akylbek, Zhaksylyk"]
[Black "Makhnev, Denis"]
[Result "0-1"]
[WhiteElo "1662"]
[BlackElo "2551"]
[Annotator "ChessBase"]
[PlyCount "100"]
[EventDate "2024.08.01"]
[EventType "team-tourn"]
[EventCountry "KAZ"]
[SourceTitle "playchess.com"]
[Source "ChessBase"]
[SourceQuality "1"]

1. d4 Nf6 2. c3 b6 3. e3 Bb7 4. f4 g6 5. Nf3 Bg7 6. Bd3 O-O 7. O-O c5 8. Qe2 Nc6 9. Nbd2 d6 10. a4 Nd5 11. g3 cxd4 12. exd4 Qc7 13. Be4 e6 14. Re1 Nf6 15. Bd3 Rfe8 16. Ne4 Ne7 17. Nxf6+ Bxf6 18. Be4 a6 19. Bd2 Rab8 20. h4 h5 21. Nh2 Nf5 22. Nf1 Kg7 23. Qf3 Bxe4 24. Qxe4 d5 25. Qf3 b5 26. axb5 axb5 27. Ne3 Nd6 28. Ra2 b4 29. Rc1 bxc3 30. bxc3 Ne4 31. Rac2 Rec8 32. Be1 Rb3 33. Qd1 Qb7 34. Qd3 Bd8 35. g4 hxg4 36. Nxg4 Qb5 37. Qxb5 Rxb5 38. c4 Rxc4 39. Rxc4 dxc4 40. Ne5 Bb6 41. Nc6 Rf5 42. Rxc4 Rxf4 43. Kg2 Rf5 44. Bb4 Rd5 45. Bc3 Nxc3 46. Rxc3 Bxd4 47. Rf3 Bf6 48. Nb4 Rd4 49. h5 Rxb4 50. h6+ Kxh6 0-1

[Event "FIDE WRBTC Blitz-Pool 2024"]
[Site "Astana"]
[Date "2024.08.05"]
[Round "7.32"]
[White "Zhalmakhanov, Ramazan"]
[Black "Abuzyarov, Arlan"]
[Result "1-0"]
[WhiteElo "2497"]
[BlackElo "1851"]
[Annotator "ChessBase"]
[PlyCount "63"]
[EventDate "2024.08.01"]
[EventType "team-tourn"]
[EventCountry "KAZ"]
[SourceTitle "playchess.com"]
[Source "ChessBase"]
[SourceQuality "1"]

1. e4 c6 2. d4 d5 3. f3 e6 4. Nc3 Nf6 5. e5 Nfd7 6. f4 c5 7. Nf3 Nc6 8. Be3 cxd4 9. Nxd4 Nxd4 10. Bxd4 Bc5 11. Qd2 Bxd4 12. Qxd4 Qb6 13. Qxb6 Nxb6 14. a4 a6 15. a5 Nd7 16. Na4 Ke7 17. Bd3 Rd8 18. Kd2 Nf8 19. Nc5 Nd7 20. Nb3 Nf8 21. g4 g6 22. h4 Bd7 23. Nd4 Rac8 24. h5 Bc6 25. hxg6 hxg6 26. f5 exf5 27. gxf5 Kd7 28. Raf1 gxf5 29. Bxf5+ Ne6 30. Bxe6+ fxe6 31. Rh7+ Ke8 32. Rg1 1-0

[Event "FIDE WRBTC Blitz-Pool 2024"]
[Site "Astana"]
[Date "2024.08.05"]
[Round "7.32"]
[White "Suleyev, Alen"]
[Black "Zhu, Chen"]
[Result "1-0"]
[WhiteElo "2084"]
[BlackElo "2423"]
[Annotator "ChessBase"]
[PlyCount "84"]
[EventDate "2024.08.01"]
[EventType "team-tourn"]
[EventCountry "KAZ"]
[SourceTitle "playchess.com"]
[Source "ChessBase"]
[SourceQuality "1"]

1. d4 d5 2. c4 c6 3. cxd5 cxd5 4. Bf4 Nc6 5. e3 Nf6 6. Nc3 a6 7. Bd3 e6 8. Rc1 Be7 9. h3 Bd7 10. Nf3 b5 11. O-O O-O 12. Ne5 Rc8 13. a4 b4 14. Nxd7 Qxd7 15. Nb1 Qb7 16. Qe2 Ra8 17. Nd2 Rfc8 18. Nb3 Nd7 19. Rc2 e5 20. dxe5 Ncxe5 21. Bxe5 Nxe5 22. Rxc8+ Qxc8 23. Bxh7+ Kxh7 24. Qh5+ Kg8 25. Qxe5 Bf6 26. Qxd5 Bxb2 27. Rd1 Rb8 28. e4 Qc2 29. Qd3 Qc6 30. a5 Bf6 31. Qd5 Qc2 32. Rd2 Qb1+ 33. Kh2 Rd8 34. Qc4 Rxd2 35. Nxd2 Qe1 36. Nf3 Qxf2 37. e5 Be7 38. Qxa6 Bc5 39. Qc8+ Bf8 40. Qc4 Qb2 41. a6 Qa3 42. Ng5 Kh8 1-0

[Event "FIDE WRBTC Blitz-Pool 2024"]
[Site "Astana"]
[Date "2024.08.05"]
[Round "7.33"]
[White "Nakhbayeva, Guliskhan"]
[Black "Askarov, Bakhtiyar"]
[Result "0-1"]
[WhiteElo "2326"]
[BlackElo "2280"]
[Annotator "ChessBase"]
[PlyCount "90"]
[EventDate "2024.08.01"]
[EventType "team-tourn"]
[EventCountry "KAZ"]
[SourceTitle "playchess.com"]
[Source "ChessBase"]
[SourceQuality "1"]

1. d4 Nf6 2. c4 g6 3. Nc3 Bg7 4. e4 d6 5. h3 O-O 6. Bg5 h6 7. Be3 e5 8. d5 Na6 9. Bd3 Nc5 10. Bc2 a5 11. Qd2 h5 12. Nge2 Nh7 13. O-O Bd7 14. f4 exf4 15. Bxf4 a4 16. Kh1 Qe7 17. Rae1 Be5 18. Nd4 Bxf4 19. Qxf4 Qe5 20. Qd2 Rfe8 21. Nf3 Qg7 22. b4 axb3 23. axb3 Na6 24. Bb1 Kh8 25. Re2 Nc5 26. Bc2 Ra3 27. Nd4 Raa8 28. b4 Na6 29. Ncb5 Kg8 30. Ref2 Re7 31. c5 dxc5 32. bxc5 Bxb5 33. Nxb5 Nxc5 34. d6 cxd6 35. Qxd6 Qe5 36. Qxe5 Rxe5 37. Rxf7 Rf8 38. Rxf8+ Nxf8 39. Bb1 Kg7 40. Ba2 Re7 41. e5 Nfd7 42. Nd6 Nxe5 43. Rc1 Ned3 44. Rd1 Nf2+ 45. Kh2 Nxd1 0-1

[Event "FIDE WRBTC Blitz-Pool 2024"]
[Site "Astana"]
[Date "2024.08.05"]
[Round "7.33"]
[White "Tuleyeva-Aketayeva, Dana"]
[Black "Urazayev, Arystanbek"]
[Result "0-1"]
[WhiteElo "2130"]
[BlackElo "2466"]
[Annotator "ChessBase"]
[PlyCount "68"]
[EventDate "2024.08.01"]
[EventType "team-tourn"]
[EventCountry "KAZ"]
[SourceTitle "playchess.com"]
[Source "ChessBase"]
[SourceQuality "1"]

1. Nf3 d5 2. d4 Nf6 3. g3 e6 4. Bg2 Be7 5. c4 O-O 6. b3 a5 7. O-O c6 8. Bb2 a4 9. c5 b6 10. b4 bxc5 11. dxc5 Nbd7 12. Ne5 Nxe5 13. Bxe5 Ba6 14. f4 Ng4 15. Bd4 Bf6 16. Nc3 Ne3 17. Bxe3 Bxc3 18. Rb1 a3 19. Bd2 Bb2 20. Re1 Bc4 21. Bc1 Bxa2 22. Rxb2 axb2 23. Bxb2 Bc4 24. Qd4 f6 25. e4 Ra2 26. exd5 Bxd5 27. Bh3 Re8 28. g4 Qe7 29. Bf1 e5 30. fxe5 fxe5 31. Qc3 Qg5 32. h3 Qf4 33. Bg2 Bxg2 34. Kxg2 Rf8 0-1

[Event "FIDE WRBTC Blitz-Pool 2024"]
[Site "Astana"]
[Date "2024.08.05"]
[Round "7.34"]
[White "Aligozhin, Zhaslan"]
[Black "Martynov, Aleksandr"]
[Result "1-0"]
[WhiteElo "2333"]
[BlackElo "1828"]
[Annotator "ChessBase"]
[PlyCount "76"]
[EventDate "2024.08.01"]
[EventType "team-tourn"]
[EventCountry "KAZ"]
[SourceTitle "playchess.com"]
[Source "ChessBase"]
[SourceQuality "1"]

1. e4 e5 2. Nf3 Nc6 3. Nc3 Nf6 4. d4 exd4 5. Nxd4 d6 6. Bb5 Bd7 7. O-O Be7 8. Bxc6 bxc6 9. Qf3 O-O 10. e5 dxe5 11. Nxc6 Bxc6 12. Qxc6 Qd6 13. Qf3 Qe6 14. Re1 Bd6 15. Bg5 Nd7 16. Rad1 Rab8 17. Bc1 Rb4 18. a3 Rg4 19. Ne4 Rg6 20. g3 h6 21. Rd3 Rb8 22. Red1 Qe7 23. Nxd6 cxd6 24. Qc6 Rb6 25. Qc7 e4 26. Rd5 a6 27. b4 Kh7 28. Bf4 Qe6 29. Rxd6 Rxd6 30. Rxd6 Qf5 31. Rxd7 a5 32. Rxf7 Qg4 33. Qd7 Qe2 34. Qd2 Qc4 35. Rd7 axb4 36. axb4 e3 37. Bxe3 Qc6 38. Rd8 Qb5 1-0

[Event "FIDE WRBTC Blitz-Pool 2024"]
[Site "Astana"]
[Date "2024.08.05"]
[Round "7.35"]
[White "Turlej, Lukasz"]
[Black "Nasybullina, Alfia"]
[Result "1-0"]
[WhiteElo "2105"]
[BlackElo "2034"]
[Annotator "ChessBase"]
[PlyCount "62"]
[EventDate "2024.08.01"]
[EventType "team-tourn"]
[EventCountry "KAZ"]
[SourceTitle "playchess.com"]
[Source "ChessBase"]
[SourceQuality "1"]

1. d4 Nf6 2. c4 c5 3. d5 e6 4. Nc3 exd5 5. cxd5 d6 6. Nf3 g6 7. g3 Bg7 8. Bg2 O-O 9. O-O a6 10. a4 Nbd7 11. Qc2 Qe7 12. Nd2 Ne5 13. h3 g5 14. Ra3 Bd7 15. a5 Rab8 16. Kh2 Ng6 17. e4 g4 18. h4 Nh5 19. Kg1 Bd4 20. Ne2 Bg7 21. Nc3 b5 22. axb6 Rxb6 23. Nc4 Rb4 24. b3 Bb5 25. Nxb5 axb5 26. Na5 Nxh4 27. Nc6 Qf6 28. gxh4 Qxh4 29. Qe2 g3 30. fxg3 Nxg3 31. Qf2 Nf5 1-0

[Event "FIDE WRBTC Blitz-Pool 2024"]
[Site "Astana"]
[Date "2024.08.05"]
[Round "7.35"]
[White "Akylbek, Eskendir"]
[Black "Kamalidenova, Meruert"]
[Result "0-1"]
[WhiteElo "1603"]
[BlackElo "2352"]
[Annotator "ChessBase"]
[PlyCount "52"]
[EventDate "2024.08.01"]
[EventType "team-tourn"]
[EventCountry "KAZ"]
[SourceTitle "playchess.com"]
[Source "ChessBase"]
[SourceQuality "1"]

1. e4 c5 2. d4 cxd4 3. Qxd4 Nc6 4. Qd2 e5 5. Nc3 Bb4 6. a3 Bxc3 7. Qxc3 Nf6 8. Bd3 O-O 9. Bg5 h6 10. Bxf6 Qxf6 11. Nf3 d6 12. O-O-O Bg4 13. Be2 Rac8 14. Qe3 b5 15. Kb1 b4 16. a4 Bxf3 17. gxf3 Nd4 18. Rd2 Rc5 19. f4 Rfc8 20. fxe5 dxe5 21. Bd3 Ne6 22. Rc1 Nf4 23. f3 b3 24. c3 a6 25. Bf1 Qc6 26. c4 Qxa4 0-1

[Event "FIDE WRBTC Blitz-Pool 2024"]
[Site "Astana"]
[Date "2024.08.05"]
[Round "7.36"]
[White "Kabylbek, Yedil"]
[Black "Musauly, Nurali"]
[Result "1/2-1/2"]
[WhiteElo "1857"]
[BlackElo "1816"]
[Annotator "NA"]
[PlyCount "182"]
[EventDate "2024.08.01"]
[EventType "team-tourn"]
[EventCountry "KAZ"]
[SourceTitle "playchess.com"]
[Source "ChessBase"]
[SourceQuality "1"]

1. d4 d5 2. Nc3 Nf6 3. Bf4 c5 4. e3 cxd4 5. exd4 a6 6. Nf3 Nc6 7. Ne5 Qb6 8. Nxc6 bxc6 9. Na4 Qd8 10. c3 e6 11. Bd3 Bd6 12. Bxd6 Qxd6 13. Qe2 a5 14. O-O O-O 15. f4 Nd7 16. Rf3 g6 17. Raf1 Rb8 18. Rh3 c5 19. Qf2 cxd4 20. Qxd4 e5 21. fxe5 Qxe5 22. Rh4 Bb7 23. Qxe5 Nxe5 24. Rd4 Rbc8 25. Nb6 Rcd8 26. Re1 f6 27. Bf1 Kg7 28. Na4 Rc8 29. Nb6 Rcd8 30. Red1 Rfe8 31. Nxd5 Nc6 32. R4d2 Re5 33. Nf4 Rxd2 34. Rxd2 g5 35. Nd3 Re7 36. Nc5 Bc8 37. Bb5 Ne5 38. Rd8 Bf5 39. h3 g4 40. hxg4 Nxg4 41. Rd1 h5 42. a4 h4 43. Bd3 Bc8 44. Rf1 Ne5 45. Be2 Rc7 46. Nd3 Nc4 47. Bf3 Bf5 48. Rd1 Bxd3 49. Rxd3 Nxb2 50. Rd4 Rxc3 51. Rxh4 Ra3 52. Rd4 Rxa4 53. Rd7+ Kh6 54. Ra7 Ra1+ 55. Kh2 a4 56. Bd5 a3 57. Ra6 Kg5 58. Kg3 Nd3 59. Be4 Ne5 60. Bd5 Rd1 61. Bg8 Rd3+ 62. Kf2 Rc3 63. Ra5 Kf4 64. g3+ Kg5 65. Kg2 Kh6 66. Be6 Nd3 67. Bf5 Nb2 68. Be6 Nd1 69. Bf5 Ne3+ 70. Kf2 Nc4 71. Ra8 Kg5 72. Be6 Ne5 73. Ra5 Rc2+ 74. Ke3 Rc3+ 75. Kf2 Rf3+ 76. Kg2 Rc3 77. Kf2 Kh6 78. Ra6 Nd3+ 79. Kg2 Nc5 80. Rb6 Ne4 81. g4 Kg5 82. Ra6 Nd2 83. Ra5+ Kh6 84. Bg8 Nc4 85. Bxc4 Rxc4 86. Rxa3 Rxg4+ 87. Rg3 Rf4 88. Rh3+ Kg5 89. Rg3+ Kf5 90. Rh3 Ra4 91. Kf2 Rb4 1/2-1/2

[Event "FIDE WRBTC Blitz-Pool 2024"]
[Site "Astana"]
[Date "2024.08.05"]
[Round "7.36"]
[White "Anetov, Amirzhan"]
[Black "Demezhanov, Tuleubek"]
[Result "1-0"]
[WhiteElo "1661"]
[BlackElo "1776"]
[Annotator "NA"]
[PlyCount "23"]
[EventDate "2024.08.01"]
[EventType "team-tourn"]
[EventCountry "KAZ"]
[SourceTitle "playchess.com"]
[Source "ChessBase"]
[SourceQuality "1"]

1. e4 e5 2. Nf3 Nc6 3. Bc4 Nf6 4. d3 Bc5 5. c3 O-O 6. Nbd2 d5 7. exd5 Nxd5 8. Ne4 Bb6 9. O-O h6 10. Bxh6 gxh6 11. Bxd5 Qxd5 12. Nf6+ 1-0